00355cam a22001217a 4500008004000000082001500040100002000055245007900075260003200154300001000186500000900196650002800205180718b1960 xxu||||| |||| 00| 0 eng d aA6x68 A155 aAllighan, Garry aCurtain-up on South Africa: presenting a national dramacby Garry Allighan aLondonbT.V. Boardmanc1960 a276p. a21/- aAfrica, South - History